000 00458nam a2200181Ia 4500
001 7852
005 20260306160526.0
008 260306t2009||||xx |||||||||||||| ||spa||
041 _aESP
082 _a363.11
_bD71
100 _aDiaz Zazo, Pilar
_eAUT
245 0 _aPrevención de riesgos laborales:
_bseguridad y salud laboral
260 _c2009
300 _axiii, 116 pƔginas :
_c27 cm.
650 _aGEN
654 _aCAN
942 _cLIB
_dJUS
_fJUS
_2ddc
_n
999 _c7852
_d7852